000 00453nab a2200181 a 4500
005 20210219155400.0
008 991125s1985 mx 000 0 spa u
035 _aUPN01000144144
222 _aESCUELA Y FAMILIA
245 _a¿Cómo explicar la muerte y la ausencia a los niños?
260 _aMéxico
300 _a17-19
362 0 _a2004 No. 6, oct.
653 0 _aFAMILIA
653 0 _aSENTIMIENTOS
653 0 _aVIDA
905 _aArticulo
999 _c116291
_d116291